000 01020nam a2200301 c 4500
003 BLK
005 20190909125150.0
008 180410b bul|||||r ||||||| ||bul||
010 _aKNG00165116000
020 _a0-571-21801-6
_bиздат.: Faber and Faber
040 _aBLK
041 _aENG
_cENG
072 7 _2bullib
_aН83
_xЧужда художествена литература Н
080 _aИрландска литература (на Ейре) на английски език (вж и 821.152.1)
_b821.111(417)
_x-31
_z821.111(417)-31
100 1 _aBarry, Sebastian
_eпърви автор
_9331284
139 _aBarry, Sebastian
_bB 26
245 1 0 _aA Long Long Way
_cSebastian Barry.
257 _aGBR
260 London
_bFaber and Faber
_c2006
300 _a296 c.
_c20 см
380 _aX
659 _aН
852 _aЦб 204687
856 4 _qpdf
_u
856 4 _qpdf
_u
942 _cKNG
_n0
_01
944 _aCR
_c23.09.2014
_kПенка_Димитрова
944 _aED
_c06.02.2016
_kТеодора_Стоянова
999 _c158109
_d158109